MARC

LEADER 00000nam0a2200000 4500
001 330335
005 20231102004241.0
035 |a (RuTPU)RU\TPU\book\356109 
035 |a RU\TPU\book\356093 
090 |a 330335 
100 |a 20170404d1979 k y0rusy50 ca 
101 0 |a rus 
102 |a RU 
105 |a a z 001zy 
200 1 |a Методы обработки результатов наблюдений при измерениях  |e [сборник научных трудов]  |f Всесоюзный научно-исследовательский институт метрологии им. Д. И. Менделеева (ВНИИМ) ; под ред. С. Г. Рабиновича 
210 |a Ленинград  |c Изд-во ВНИИМ  |d 1979 
215 |a 67 с.  |c ил. 
225 1 |a Труды метрологических институтов СССР  |v Вып. 242 (302) 
320 |a Библиография в конце статей 
606 1 |a Математическая обработка наблюдений  |x (физика)  |2 stltpush  |3 (RuTPU)RU\TPU\subj\66436  |9 82563 
610 1 |a измерительные преобразования 
610 1 |a градуирование 
610 1 |a градуировочные характеристики 
610 1 |a погрешности 
610 1 |a наблюдения 
675 |a 53.08  |v 3 
702 1 |a Рабинович  |b С. Г.  |4 340 
712 0 2 |a Всесоюзный научно-исследовательский институт метрологии им. Д. И. Менделеева (ВНИИМ)  |c (Ленинград)  |2 stltpush  |3 (RuTPU)RU\TPU\col\12882 
801 1 |a RU  |b 63413507  |c 20150907 
801 2 |a RU  |b 63413507  |c 20170411  |g RCR 
942 |c BK